00553nam a2200133Ia 450000500170000000800410001702000180005808200130007610000240008924500190011326000340013230000160016650002370018220250109010834.0240331s9999 xx 000 0 und d a9788189487836 bHABa934 aHabib, I and Jha, V 0aMauryan India  aNew DelhibTulika Booksc2011 aX, 189 p ., aMauryan India, as part of the People's History of India series, covers the period from about 350 bc to about 185 bc, thereby encompassing the invasion of Alexander (327-325 bc) and the history of the Mauryan Empire (c.324-185 bc).